| 000 | 00537nam a2200169Ia 4500 | ||
|---|---|---|---|
| 008 | 150610s9999 xx 000 0 und d | ||
| 020 | _a0 064401847 | ||
| 050 |
_aPZ7 _b.P273Br 1977 |
||
| 100 | _aPaterson, Katherine | ||
| 245 |
_aBridge to Terabithia / _cKatherine Paterson; illustrated by Donna Diamond. |
||
| 260 |
_aNew York : _bHarper Collins, _c1977. |
||
| 300 |
_a163pages ; _c19 cm. |
||
| 520 | _aFiction. | ||
| 650 |
_aDeath _xFiction. |
||
| 650 |
_aGrief _xFiction. |
||
| 650 |
_aVirginia -- History -- 20th century _bFiction. |
||
| 999 |
_c287972 _d287972 |
||